[Event "Sharjah Rapid"]
[Site "Sharjah"]
[Date "2023.03.26"]
[Round "3"]
[White "Arencibia Rodriguez, Walter"]
[Black "Lagutin, Nelman"]
[Result "1-0"]
[WhiteElo "2486"]
[BlackElo "2049"]
[PlyCount "109"]
[EventDate "2023.03.26"]
[EventType "swiss (rapid)"]
[EventRounds "9"]
[EventCountry "UAE"]
[SourceTitle "CBM 213 Extra"]
[Source "ChessBase"]
[SourceDate "2023.05.31"]
[SourceVersion "1"]
[SourceVersionDate "2023.05.31"]
[SourceQuality "1"]

1. Nf3 Nf6 2. g3 d5 3. Bg2 c6 4. 0-0 Bf5 5. b3 e6 6. Bb2 h6 7. c4 Be7 8. d3 0-0 9. Nbd2 Nbd7 10. Qc2 Bh7 11. a3 a5 12. Bc3 Re8 13. Qb2 Bf8 14. b4 axb4 15. axb4 Qc7 16. Rxa8 Rxa8 17. Ra1 Qb8 18. Ne5 Rxa1+ 19. Qxa1 Nxe5 20. Bxe5 Qd8 21. Bxf6 Qxf6 22. Qxf6 gxf6 23. c5 Be7 24. Nb3 Bd8 25. f4 Bc7 26. Bh3 Kf8 27. Kf2 Ke7 28. Kf3 f5 29. d4 f6 30. e3 h5 31. Bf1 Bg6 32. Na5 Bxa5 33. bxa5 Kd7 34. Kg2 Ke7 35. Kh3 Kf7 36. a6 bxa6 37. Bxa6 Ke7 38. Kh4 Be8 39. Be2 Kf8 40. Bxh5 Bd7 41. Be2 Kg7 42. Kh3 Bc8 43. Kg2 Bd7 44. Kf2 Be8 45. Ke1 Kf8 46. Kd2 Ke7 47. Kc3 Kd7 48. Kb4 Kc7 49. Ka5 Bg6 50. Ka6 Be8 51. h4 Bg6 52. h5 Bh7 53. h6 Bg6 54. Bh5 Bh7 55. Ka7 1-0

[Event "Sharjah Blitz op"]
[Site "Sharjah"]
[Date "2021.05.01"]
[Round "1.16"]
[White "Albadin, Alaa"]
[Black "Lagutin, Nelman"]
[Result "0-1"]
[WhiteElo "1359"]
[BlackElo "2012"]
[PlyCount "56"]
[EventDate "2021.05.01"]
[EventType "swiss (blitz)"]
[EventRounds "9"]
[EventCountry "UAE"]
[SourceTitle "CBM 202 Extra"]
[Source "ChessBase"]
[SourceDate "2021.07.31"]
[SourceVersion "1"]
[SourceVersionDate "2021.07.31"]
[SourceQuality "1"]

1. d4 Nf6 2. e3 g6 3. f4 Bg7 4. Nc3 0-0 5. Nf3 d6 6. Bd3 Nbd7 7. 0-0 Re8 8. Bd2 e5 9. fxe5 dxe5 10. dxe5 Nxe5 11. Nxe5 Rxe5 12. Qe1 Bd7 13. Rd1 Qe7 14. Qh4 Re8 15. Rde1 Ng4 16. Qxe7 R8xe7 17. e4 c6 18. h3 Bh6 19. Bxh6 Nxh6 20. Rf2 f5 21. Ref1 Kg7 22. exf5 Bxf5 23. Bxf5 Nxf5 24. Kh2 h5 25. a3 h4 26. a4 Ng3 27. Rd1 Re1 28. Rxe1 Rxe1 0-1

[Event "Sharjah Blitz op"]
[Site "Sharjah"]
[Date "2021.05.01"]
[Round "6.9"]
[White "Lagutin, Nelman"]
[Black "Sabirova, Shakhnoza"]
[Result "1-0"]
[WhiteElo "2012"]
[BlackElo "1919"]
[PlyCount "79"]
[EventDate "2021.05.01"]
[EventType "swiss (blitz)"]
[EventRounds "9"]
[EventCountry "UAE"]
[SourceTitle "CBM 202 Extra"]
[Source "ChessBase"]
[SourceDate "2021.07.31"]
[SourceVersion "1"]
[SourceVersionDate "2021.07.31"]
[SourceQuality "1"]

1. e4 e5 2. Nf3 Nc6 3. Bc4 Bc5 4. 0-0 d6 5. h3 Nf6 6. d3 h6 7. c3 0-0 8. a4 a5 9. d4 Bb6 10. Re1 Re8 11. dxe5 Nxe5 12. Nxe5 Rxe5 13. Bd3 Qe7 14. Nd2 Qe8 15. Nc4 Re7 16. Nxb6 cxb6 17. Bf4 d5 18. exd5 Nxd5 19. Rxe7 Qxe7 20. Bg3 Be6 21. Qf3 Rd8 22. Re1 Qd7 23. Be4 Qxa4 24. Bh4 Rd7 25. Bg3 Qc4 26. Be5 Ne7 27. Bxb7 Qb3 28. Qg3 Ng6 29. Bd4 Qxb2 30. Be4 Qd2 31. Re3 a4 32. Bxg6 fxg6 33. Rxe6 Qd1+ 34. Kh2 g5 35. Qb8+ Kh7 36. Re8 Qb3 37. Rh8+ Kg6 38. Qe8+ Rf7 39. Qe4+ Rf5 40. g4 1-0

[Event "Sharjah Rapid op"]
[Site "Sharjah"]
[Date "2021.04.29"]
[Round "3.4"]
[White "Komarov, Dimitri"]
[Black "Lagutin, Nelman"]
[Result "1-0"]
[WhiteElo "2493"]
[BlackElo "2012"]
[PlyCount "51"]
[EventDate "2021.04.29"]
[EventType "swiss (rapid)"]
[EventRounds "9"]
[EventCountry "UAE"]
[SourceTitle "CBM 202 Extra"]
[Source "ChessBase"]
[SourceDate "2021.07.31"]
[SourceVersion "1"]
[SourceVersionDate "2021.07.31"]
[SourceQuality "1"]

1. d4 d5 2. c4 e6 3. Nf3 Nf6 4. Nc3 Be7 5. Bf4 a6 6. cxd5 exd5 7. e3 0-0 8. Bd3 c6 9. h3 Re8 10. 0-0 Nbd7 11. Qc2 Nf8 12. Ne5 N6d7 13. Nf3 Nf6 14. Bh2 Bd6 15. Ne5 Qe7 16. f4 N6d7 17. Rae1 f6 18. Nf3 Bb4 19. e4 Bxc3 20. bxc3 dxe4 21. Rxe4 Qd8 22. Qb3+ Kh8 23. Rxe8 Qxe8 24. Re1 Qd8 25. Qf7 Nc5 26. Re8 1-0

[Event "Sharjah Rapid op"]
[Site "Sharjah"]
[Date "2021.04.29"]
[Round "4.12"]
[White "Lagutin, Nelman"]
[Black "Bablok, Maciej"]
[Result "1-0"]
[WhiteElo "2012"]
[BlackElo "2058"]
[PlyCount "52"]
[EventDate "2021.04.29"]
[EventType "swiss (rapid)"]
[EventRounds "9"]
[EventCountry "UAE"]
[SourceTitle "CBM 202 Extra"]
[Source "ChessBase"]
[SourceDate "2021.07.31"]
[SourceVersion "1"]
[SourceVersionDate "2021.07.31"]
[SourceQuality "1"]

1. e4 c6 2. d4 d5 3. exd5 cxd5 4. Bd3 Nf6 5. c3 Bg4 6. Qb3 Qd7 7. h3 Bh5 8. Nd2 e6 9. Ngf3 Bxf3 10. Nxf3 Bd6 11. Ne5 Bxe5 12. dxe5 Ng8 13. 0-0 Ne7 14. Qc2 Nbc6 15. f4 g6 16. Be3 Nf5 17. Bf2 Rc8 18. Qe2 h5 19. Rad1 h4 20. Kh2 Kf8 21. b4 b6 22. Qe1 Kg7 23. Bxf5 exf5 24. Bxh4 a5 25. Bf6+ Kh7 26. Qh4+ Kg8 1-0

[Event "Sharjah Rapid op"]
[Site "Sharjah"]
[Date "2021.04.29"]
[Round "5.7"]
[White "Lagutin, Nelman"]
[Black "Sultan, Ibrahim"]
[Result "1-0"]
[WhiteElo "2012"]
[BlackElo "2076"]
[PlyCount "67"]
[EventDate "2021.04.29"]
[EventType "swiss (rapid)"]
[EventRounds "9"]
[EventCountry "UAE"]
[SourceTitle "CBM 202 Extra"]
[Source "ChessBase"]
[SourceDate "2021.07.31"]
[SourceVersion "1"]
[SourceVersionDate "2021.07.31"]
[SourceQuality "1"]

1. Nf3 Nf6 2. c4 e6 3. b3 d5 4. e3 Be7 5. Bb2 0-0 6. Be2 c5 7. 0-0 Nc6 8. d4 cxd4 9. Nxd4 Bd7 10. cxd5 Nxd5 11. Bf3 Bf6 12. Na3 Rc8 13. Nab5 Nxd4 14. Nxd4 Qa5 15. a3 Rfd8 16. b4 Qb6 17. Bxd5 exd5 18. Qb3 Rc4 19. Rfd1 Rdc8 20. h3 a5 21. b5 a4 22. Qa2 Bxd4 23. Rxd4 Qxb5 24. Rxc4 dxc4 25. Bc3 Qg5 26. Kh1 Bc6 27. f3 Qxe3 28. Qb2 Qg5 29. Re1 Rd8 30. Qe2 h5 31. Qxc4 h4 32. Bb4 Qg3 33. Qe2 Kh7 34. Bc5 1-0

[Event "Ramadan Masters Online"]
[Site "Chess.com INT"]
[Date "2020.05.08"]
[Round "12"]
[White "Arencibia Rodriguez, Walter"]
[Black "Lagutin, Nelman"]
[Result "1-0"]
[WhiteElo "2486"]
[BlackElo "2012"]
[PlyCount "101"]
[EventDate "2020.05.08"]
[EventType "swiss (blitz)"]
[EventRounds "12"]
[EventCountry "USA"]
[SourceTitle "CBM 196 Extra"]
[Source "ChessBase"]
[SourceDate "2020.07.31"]
[SourceVersion "1"]
[SourceVersionDate "2020.07.31"]
[SourceQuality "1"]

1. Nf3 d5 2. c4 c6 3. e3 Nf6 4. d4 a6 5. Nc3 Bf5 6. Bd3 Bxd3 7. Qxd3 e6 8. 0-0 Be7 9. e4 dxe4 10. Nxe4 Nbd7 11. Ng3 0-0 12. Bf4 b5 13. b3 Rc8 14. Rfd1 Re8 15. Rac1 Qa5 16. Qe2 Ba3 17. Rb1 c5 18. dxc5 Bxc5 19. cxb5 Qxb5 20. Qxb5 axb5 21. h3 h6 22. a4 Nd5 23. Bd2 bxa4 24. bxa4 Ra8 25. a5 Reb8 26. Ne4 Rxb1 27. Rxb1 Be7 28. Rb7 N7f6 29. Nxf6+ Bxf6 30. Kf1 Bc3 31. Bxc3 Nxc3 32. Rb3 Nd5 33. Ra3 Ra6 34. Nd4 Nb4 35. g3 f6 36. Ke2 e5 37. Nb3 f5 38. Ra4 Nc6 39. Kd3 Kf7 40. Kc4 e4 41. Kb5 Nb8 42. Nc5 Rd6 43. a6 Nxa6 44. Rxa6 Rd2 45. Ra7+ Kg6 46. Ne6 Rxf2 47. Kc4 Kf6 48. Nf4 g5 49. Nd5+ Kg6 50. Kd4 Rd2+ 51. Ke5 1-0

[Event "Dubai HOC blitz op"]
[Site "Dubai"]
[Date "2019.08.11"]
[Round "4"]
[White "Lagutin, Nelman"]
[Black "Tabatabaei, Mohammad Amin"]
[Result "0-1"]
[WhiteElo "2068"]
[BlackElo "2528"]
[PlyCount "77"]
[EventDate "2019.08.11"]
[EventType "swiss (blitz)"]
[EventRounds "9"]
[EventCountry "UAE"]
[SourceTitle "EXT 2020"]
[Source "ChessBase"]
[SourceDate "2019.10.17"]
[SourceVersion "1"]
[SourceVersionDate "2019.10.17"]
[SourceQuality "1"]

1. d4 Nf6 2. Bg5 c5 3. d5 Ne4 4. Bf4 e6 5. f3 Bd6 6. Bxd6 Nxd6 7. Nc3 b5 8. dxe6 dxe6 9. e4 b4 10. Nb5 Nxb5 11. Qxd8+ Kxd8 12. Bxb5 a5 13. a3 Ba6 14. Bxa6 Rxa6 15. axb4 axb4 16. Rxa6 Nxa6 17. Ne2 Kc7 18. Nf4 c4 19. Ke2 Nc5 20. Ra1 Kb6 21. Rd1 Ra8 22. Rb1 Ra2 23. Kd2 Na4 24. Kc1 Kc5 25. Ne2 b3 26. c3 e5 27. f4 f6 28. g3 Kb5 29. h4 Nc5 30. fxe5 fxe5 31. Kd2 Nd3 32. Rf1 Rxb2+ 33. Ke3 Rc2 34. Rf7 b2 35. Rb7+ Kc6 36. Rb8 Nc5 37. Rb4 Nb3 38. Rxc4+ Kd7 39. Ra4 0-1

[Event "Dubai HOC blitz op"]
[Site "Dubai"]
[Date "2019.08.11"]
[Round "5"]
[White "Morales, Al Gabin"]
[Black "Lagutin, Nelman"]
[Result "0-1"]
[WhiteElo "1658"]
[BlackElo "2068"]
[PlyCount "67"]
[EventDate "2019.08.11"]
[EventType "swiss (blitz)"]
[EventRounds "9"]
[EventCountry "UAE"]
[SourceTitle "EXT 2020"]
[Source "ChessBase"]
[SourceDate "2019.10.17"]
[SourceVersion "1"]
[SourceVersionDate "2019.10.17"]
[SourceQuality "1"]

1. Nf3 d5 2. d4 c6 3. c4 Nf6 4. g3 a6 5. Bg2 b5 6. b3 Bf5 7. 0-0 e6 8. Nbd2 h6 9. Bb2 Bd6 10. c5 Bc7 11. b4 Nbd7 12. Re1 0-0 13. Nh4 Bh7 14. f4 Ne4 15. Nxe4 dxe4 16. Bh1 Bxf4 17. e3 Bc7 18. Rf1 Nf6 19. Ng2 a5 20. a3 Nd5 21. Qd2 Qe7 22. Nf4 Rfd8 23. Bg2 e5 24. Nxd5 Rxd5 25. Qc2 f5 26. Qb3 Kh8 27. Bh3 exd4 28. Bxd4 Be5 29. Bxf5 Bxd4 30. Bxh7 Bxa1 31. Bxe4 Qxe4 32. Rxa1 axb4 33. Rf1 Rxa3 34. Re1 0-1

[Event "Dubai The Arbor blitz op"]
[Site "Dubai"]
[Date "2019.04.12"]
[Round "8"]
[White "Lagutin, Nelman"]
[Black "Murtaza, Ali"]
[Result "1/2-1/2"]
[WhiteElo "2009"]
[BlackElo "2070"]
[PlyCount "307"]
[EventDate "2019.04.12"]
[EventType "swiss (blitz)"]
[EventRounds "9"]
[EventCountry "UAE"]
[SourceTitle "CBM 189 Extra"]
[Source "ChessBase"]
[SourceDate "2019.06.03"]
[SourceVersion "1"]
[SourceVersionDate "2019.06.03"]
[SourceQuality "1"]

1. b3 d5 2. Bb2 Nf6 3. Nf3 e6 4. g3 c5 5. Bg2 Be7 6. 0-0 0-0 7. d3 b6 8. Nbd2 Bb7 9. Re1 Nbd7 10. h3 Rc8 11. a3 a6 12. e3 b5 13. Qe2 Qb6 14. Rab1 Rfd8 15. e4 dxe4 16. dxe4 Nf8 17. e5 Nd5 18. Ne4 c4 19. Bd4 Qc7 20. b4 Ng6 21. c3 Bf8 22. h4 Rb8 23. Rbd1 Nge7 24. Nfg5 Nf5 25. Rd2 h6 26. Nf3 Nxd4 27. Nxd4 Qxe5 28. Qd1 Qc7 29. f4 Ne7 30. Qe2 e5 31. fxe5 Qxe5 32. Qf2 Qc7 33. Rf1 Ng6 34. Re2 Ne5 35. Qf4 Bxe4 36. Bxe4 Bd6 37. Qf5 Ng6 38. h5 Nf8 39. Nc6 Bxg3 40. Nxb8 Rxb8 41. Bd5 Kh8 42. Qxf7 Qxf7 43. Rxf7 Bh4 44. Rg2 Bf6 45. Rxf6 gxf6 46. Rg8+ Kh7 47. Rg3 Rd8 48. Bb7 Rd6 49. Re3 Ne6 50. Bc8 Ng5 51. Re7+ Kg8 52. Ra7 Ne4 53. Bxa6 Nxc3 54. a4 Nxa4 55. Bxb5 Nb2 56. Rc7 Rd4 57. Kf2 Kf8 58. Ke3 Rh4 59. Ba6 Rxh5 60. b5 c3 61. b6 Rh3+ 62. Kf4 Rh4+ 63. Kf5 Rb4 64. b7 Na4 65. Rc8+ Ke7 66. b8Q Rxb8 67. Rxb8 Nc5 68. Rc8 Kd6 69. Rd8+ Kc7 70. Rd1 Nxa6 71. Rc1 Kd6 72. Rxc3 Nc5 73. Re3 Nd7 74. Rh3 Nc5 75. Kxf6 Kd5 76. Rxh6 Ne4+ 77. Kf5 Nd6+ 78. Kf4 Nc4 79. Rh8 Nd6 80. Rh1 Ke6 81. Rd1 Nf7 82. Re1+ Kf6 83. Ra1 Ke6 84. Ra2 Nd6 85. Kg5 Ke5 86. Re2+ Ne4+ 87. Kg4 Kd5 88. Kf4 Nd6 89. Rd2+ Ke6 90. Rd4 Nb5 91. Re4+ Kd6 92. Kf5 Nc7 93. Rd4+ Kc5 94. Ke5 Nb5 95. Rd3 Kc4 96. Rd8 Nc3 97. Rd4+ Kc5 98. Rd8 Kc4 99. Kf4 Nd5+ 100. Ke4 Nc3+ 101. Ke3 Nd5+ 102. Kd2 Kd4 103. Rh8 Nf6 104. Rh4+ Ne4+ 105. Ke2 Ke5 106. Ke3 Nf6 107. Ra4 Nd5+ 108. Kf3 Nf6 109. Ra5+ Nd5 110. Ra4 Nf6 111. Rh4 Nd5 112. Ke2 Nf4+ 113. Kd2 Nd5 114. Rh8 Ke4 115. Rf8 Ke5 116. Kd3 Nf4+ 117. Kc4 Ne6 118. Rf1 Nf4 119. Re1+ Kf5 120. Kd4 Ne6+ 121. Ke3 Ke5 122. Rc1 Kd5 123. Rd1+ Ke5 124. Rd7 Ng5 125. Re7+ Ne6 126. Re8 Kd5 127. Re7 Ke5 128. Rd7 Nc5 129. Rh7 Ne6 130. Rh5+ Kf6 131. Ke4 Ng5+ 132. Kf4 Ne6+ 133. Ke4 Ng5+ 134. Kd5 Kf5 135. Rh1 Kf4 136. Kd4 Nf3+ 137. Kd3 Ne5+ 138. Ke2 Ke4 139. Rh4+ Kd5 140. Ke3 Nc4+ 141. Kd3 Ne5+ 142. Kc3 Nc6 143. Rh5+ Ne5 144. Rg5 Ke4 145. Rg8 Kd5 146. Rg1 Ke4 147. Re1+ Kd5 148. Re3 Nc6 149. Re8 Ne5 150. Rh8 Ke4 151. Rh4+ Kd5 152. Rd4+ Kc5 153. Re4 Kd5 154. Re1 1/2-1/2